| 000 | 00885pam a2200301 i 4500 | ||
|---|---|---|---|
| 001 | 1809992 | ||
| 003 | NUST - PNEC | ||
| 005 | 20170116180905.0 | ||
| 008 | 790502s1979 enka b 001 0 eng | ||
| 010 | _a 79040439 | ||
| 015 | _aGB79 | ||
| 020 | _a0192175831 | ||
| 040 |
_aDLC _cLIBRARY _dDLC |
||
| 050 | 0 | 0 |
_aGV481 _b.F37 |
| 082 | 0 | 0 | _a613.71 PON |
| 100 |
_96556 _aPontefract, Roger |
||
| 245 | 0 | 0 |
_aFeel fit, come alive / _cedited by Roger Pontefract ; medical adviser, Ken Kingsbury. |
| 260 |
_aOxford ; _aNew York : _bOxford University Press, _c1979. |
||
| 300 |
_aix, 134 p. : _bill. ; _c26 cm. |
||
| 500 | _aIncludes index. | ||
| 504 | _aBibliography: p. 123-128. | ||
| 650 | 0 |
_aPhysical fitness. _vGeneral |
|
| 650 | 0 | _aExercise. | |
| 650 | 0 | _aSports. | |
| 700 | 1 | _aPontefract, Roger. | |
| 906 |
_a7 _bcbc _corignew _d1 _eocip _f19 _gy-gencatlg |
||
| 942 |
_2ddc _cBK |
||
| 999 |
_c65054 _d65054 |
||